| 000 | 00619cam a2200193 a 4500 | ||
|---|---|---|---|
| 020 | _a0198233655 | ||
| 020 | _a0198233663 | ||
| 020 | _a9780199228621 | ||
| 082 | 0 | 0 |
_a550.006 _bBUR/PR |
| 100 | 1 | _aBurrough, P. A. | |
| 245 | 1 | 0 | _aPrinciples of geographical information systems / |
| 260 |
_aOxford ; _aNew York : _bOxford University Press, _c1998. |
||
| 300 |
_axiii, 333 p. : _bill. ; |
||
| 500 | _aRev. ed. of: Principles of geographical information systems for land resources assessment. | ||
| 650 | 0 | _aGeographic information systems. | |
| 700 | 1 | _aMcDonnell, Rachael. | |
| 700 | 1 | _aBurrough, P. A. | |
| 942 | _cBK | ||
| 999 |
_c13730 _d13730 |
||